Antigua et Barbuda pour les touristes... - Statistiques

Statistiques générales
  • Ce quiz a été pris 7 fois
  • Le résultat moyen est 8 sur 20
Statistiques - réponses
Question Indice Réponses % Correct
Quelle est la langue officielle ? Anglais
100%
Avez-vous besoin d'un visa ? (oui/non) Non
86%
Quel est le climat local ? T Tropical
86%
Dans la capitale quel est le décalage horaire avec Paris ? (+ ou - et chiffre) ex - 10 - 6
71%
La religion majoritaire est Christianisme
71%
La conduite se fait à droite ou à gauche ? Gauche
71%
Combien d'heures (environ) mettrez-vous pour vous y rendre ? (en chiffres) 13
57%
Achats à faire 3/ A mettre sur le visage... Masque
57%
Le suffixe internet est ag
43%
Quelles sont les principaux lieux touristiques ? S Shirley {Heights}
43%
La vitesse est limitée hors des villes à {60} km/h
29%
Le principal aéroport est B Bird
29%
Quelles sont les principaux lieux touristiques ? N D Parc national de {Nelson's Dockyard}
29%
Achats à faire 1/ Utiles en cuisine Epices
14%
Quelles sont les principaux lieux touristiques ? J Fort {James}
14%
Quelles sont les principaux lieux touristiques ? C Récif de {Cades}
14%
Comment se nomme la principale compagnie aérienne locale C S A Caribbean Star Airlines
0%
Quelle est la monnaie ? Dollar de la Caraïbe orientale
0%
Quelles sont les principaux lieux touristiques ? P D D Parc national du {Pont du Diable}
0%
Achats à faire 2/ Sculptures anthropomorphe Statuettes
0%
Aucun quiz correspondant
Distribution des résultats
% des personnes avec chaque résultat
Percentile par nombre de réponses
Votre historique - résultats
Vous n’avez pas pris ce quiz